000 00648nam a2200265Ia 4500
005 20260121164946.0
008 008 260114s9999 xx 000 0 eng d
020 _a9781137319197
037 _aEBOOK
040 _aCRL
040 _beng
040 _cCRL
041 _2eng
041 _aeng
084 _qCRL
100 _aAnne-Marie Kilday, David S. Nash
_91045780
245 0 _aShame and Modernity in Britain
260 _bSpringer
260 _bSpringer
260 _c2017
856 _uhttps://link.springer.com/openurl?genre=book&isbn=978-1-137-31919-7
942 _cEBOOK
999 _c1611503
_d1611503